000 00729nam a2200289Ia 4500
005 20260324124045.0
008 008 260324s9999 xx 000 0 eng d
020 _a9781315549927
037 _aEBOOK
040 _aCRL
040 _beng
040 _cCRL
041 _2eng
041 _aeng
084 _qCRL
100 _aLesa Scholl
_9871310
245 0 _aTranslation, Authorship and the Victorian Professional Woman
245 0 _bCharlotte Brontë, Harriet Martineau and George Eliot
260 _bTaylor and Francis
260 _c2011
365 _a
365 _b240
856 _uhttp://www.taylorfrancis.com/books/9781315549927
942 _cEBOOK
999 _c1766742
_d1766742